[Event "Spanish League of Honour"]
[Site "Linares"]
[Date "2017.08.17"]
[Round "4"]
[White "Peralta, Fernando"]
[Black "Saric, Ivan"]
[Result "1/2-1/2"]
[WhiteTitle "GM"]
[BlackTitle "GM"]
[WhiteElo "2540"]
[BlackElo "2632"]
[Board "4"]
[WhiteCountry "ARG"]
[WhiteFideId "105309"]
[WhiteEloChange "1"]
[BlackCountry "CRO"]
[BlackFideId "14508150"]
[BlackEloChange "-1"]

1. d4 Nf6 2. c4 e6 3. Nc3 Bb4 4. e3 O-O 5. Bd3 d5 6. Nf3 b6 7. O-O Bb7 8.
cxd5 exd5 9. a3 Bd6 10. b4 a6 11. Qb3 Qe7 12. Rb1 Re8 13. a4 Nc6 14. Nxd5
Nxd5 15. Qxd5 Nxb4 16. Qxb7 Nxd3 17. Bd2 Qe6 18. Ne1 Nxe1 19. Rfxe1 Reb8
20. Qf3 Qa2 21. Qd1 b5 22. axb5 Rxb5 23. Ra1 Qb2 24. Ba5 Rab8 25. g3 g6 26.
Re2 Qb1 27. Qxb1 Rxb1+ 28. Re1 Rxa1 29. Rxa1 c5 30. dxc5 Bxc5 31. g4
1/2-1/2

[Event "Spanish League of Honour"]
[Site "Linares"]
[Date "2017.08.17"]
[Round "4"]
[White "Fedorchuk, Sergey A."]
[Black "Narciso Dublan, Marc"]
[Result "1-0"]
[WhiteTitle "GM"]
[BlackTitle "GM"]
[WhiteElo "2633"]
[BlackElo "2467"]
[Board "5"]
[WhiteCountry "UKR"]
[WhiteFideId "14102536"]
[WhiteEloChange "3"]
[BlackCountry "ESP"]
[BlackFideId "2201500"]
[BlackEloChange "-3"]

1. e4 d5 2. exd5 Qxd5 3. Nc3 Qd8 4. Bc4 Nf6 5. Nf3 a6 6. d4 b5 7. Bb3 c5 8.
a4 b4 9. Ne2 e6 10. Be3 Bb7 11. a5 Be7 12. dxc5 Qxd1+ 13. Rxd1 Nfd7 14. Ba4
Bc6 15. Bxc6 Nxc6 16. Ned4 Nxa5 17. c6 Nf6 18. Ne5 Bd6 19. Ra1 Bxe5 20.
Rxa5 Nd5 21. Ke2 Bc7 22. Ra4 Ke7 23. Rha1 a5 24. Nb5 Rhc8 25. Bc5+ Kf6 26.
Nxc7 Rxc7 27. Rxa5 Rac8 28. Ra6 Rxc6 29. Rxc6 Rxc6 30. Ra5 e5 31. Kd3 Nf4+
32. Kc4 Nxg2 33. Kxb4 Ne1 34. Kb5 Rc8 35. c4 Nd3 36. Ra6+ Kf5 37. b4 Ke4
38. Rd6 Ne1 39. Bb6 Nc2 40. c5 Nd4+ 41. Ka6 Ra8+ 42. Ba7 f5 43. Kb7 Rf8 44.
c6 Nc2 45. c7 Nxb4 46. Bc5 1-0

[Event "Spanish League of Honour"]
[Site "Linares"]
[Date "2017.08.17"]
[Round "4"]
[White "Moskalenko, Viktor"]
[Black "Korneev, Oleg"]
[Result "1/2-1/2"]
[WhiteTitle "GM"]
[BlackTitle "GM"]
[WhiteElo "2505"]
[BlackElo "2566"]
[Board "6"]
[WhiteCountry "ESP"]
[WhiteFideId "14100100"]
[WhiteEloChange "1"]
[BlackCountry "ESP"]
[BlackFideId "4156803"]
[BlackEloChange "-1"]

1. e4 c5 2. Nc3 e6 3. Nf3 a6 4. g3 Nc6 5. Bg2 Nf6 6. O-O Qc7 7. d3 d6 8. h3
Be7 9. Nh2 b5 10. g4 Bb7 11. f4 h6 12. Ne2 d5 13. e5 Nd7 14. c3 d4 15. Nf3
Nb6 16. cxd4 Nxd4 17. Nfxd4 cxd4 18. Bxb7 Qxb7 19. Ng3 g6 20. Ne4 h5 21.
Qf3 Nd5 22. g5 Rc8 23. Bd2 Rc2 24. Qd1 Rc7 25. Rc1 Rxc1 26. Qxc1 O-O 27. a3
Rc8 28. Qb1 b4 29. axb4 Bxb4 30. Bxb4 Qxb4 31. Rc1 Rb8 32. Rc4 Qb3 33. Nf6+
Kg7 34. Nxd5 exd5 35. Rc7 Qb6 36. Qc2 Qe6 37. Qc6 Qxc6 38. Rxc6 Rxb2 39.
Rxa6 Rb3 40. Ra7 Kf8 41. Ra8+ Ke7 42. Ra7+ Ke6 43. Ra6+ Ke7 44. Ra7+ Ke6
45. Ra6+ 1/2-1/2

[Event "Spanish League of Honour"]
[Site "Linares"]
[Date "2017.08.17"]
[Round "4"]
[White "Calzetta Ruiz, Monica"]
[Black "Matnadze, Ana"]
[Result "0-1"]
[WhiteTitle "WGM"]
[BlackTitle "IM"]
[WhiteElo "2288"]
[BlackElo "2389"]
[Board "7"]
[WhiteCountry "ESP"]
[WhiteFideId "2204185"]
[WhiteEloChange "-7"]
[BlackCountry "ESP"]
[BlackFideId "13601377"]
[BlackEloChange "7"]

1. e4 c5 2. Nf3 d6 3. d4 cxd4 4. Nxd4 Nf6 5. Nc3 Nc6 6. Bg5 e6 7. Qd2 Qb6
8. Bxf6 gxf6 9. Nb3 a6 10. Be2 h5 11. O-O h4 12. a4 h3 13. g3 Bd7 14. a5
Qc7 15. Na4 Rd8 16. Nb6 Bh6 17. Qc3 Kf8 18. Rfd1 Be8 19. Nd4 Qe7 20. Bf1
Bg7 21. Nxc6 Bxc6 22. Qb4 f5 23. exf5 d5 24. Qxe7+ Kxe7 25. fxe6 fxe6 26.
Rab1 Rdf8 27. c4 d4 28. b4 Bf3 29. Re1 Rh5 30. c5 d3 31. Bxd3 Bd4 32. Nc4
Rg5 33. Ne3 Bc3 34. Rec1 Bd4 35. Re1 Bc3 36. Rec1 Bd4 37. Rc4 Rxg3+ 38.
fxg3 Bxe3+ 39. Kf1 e5 40. Ke1 Bg2 41. Ke2 Bd4 42. Rxd4 exd4 43. Re1 Rf3 44.
Kd2+ Kf6 45. Re8 Kg7 46. Re7+ Kf6 47. Re8 Kg7 48. Re1 Kf6 49. c6 Rf2+ 50.
Re2 Rxe2+ 51. Kxe2 Bxc6 52. Kf2 Ke5 53. Bf1 Bd7 54. Be2 Ke4 55. Bf3+ Kd3
56. Bxb7 Bb5 57. g4 Kc3 58. g5 d3 59. g6 d2 60. Bf3 Kxb4 61. g7 Bc4 62. Kg3
Kxa5 63. Kxh3 Kb4 64. Kg3 a5 65. h4 a4 66. h5 a3 67. h6 Bg8 0-1

[Event "Spanish League of Honour"]
[Site "Linares"]
[Date "2017.08.18"]
[Round "5"]
[White "Jobava, Baadur"]
[Black "Wojtaszek, Radoslaw"]
[Result "1/2-1/2"]
[WhiteTitle "GM"]
[BlackTitle "GM"]
[WhiteElo "2687"]
[BlackElo "2745"]
[Board "1"]
[WhiteCountry "GEO"]
[WhiteFideId "13601520"]
[WhiteEloChange "1"]
[BlackCountry "POL"]
[BlackFideId "1118358"]
[BlackEloChange "-1"]

1. d4 Nf6 2. c4 e6 3. Nf3 d5 4. Nc3 dxc4 5. e4 Bb4 6. Bg5 c5 7. Bxc4 cxd4
8. Nxd4 Bxc3+ 9. bxc3 Qa5 10. Bb5+ Bd7 11. Bxf6 gxf6 12. Bxd7+ Nxd7 13. O-O
Qxc3 14. Rc1 Qa5 15. Qb3 Rd8 16. Nxe6 fxe6 17. Qxe6+ Kf8 18. Qd6+ Ke8 19.
Qe6+ Kf8 20. Rfd1 Qe5 21. Rxd7 Qxe6 22. Rxd8+ Kg7 23. Rc7+ Kg6 24. Rxh8
Qxa2 25. g3 Qb1+ 26. Kg2 Qxe4+ 27. Kg1 Qe1+ 28. Kg2 Qe4+ 29. Kg1 Qe1+ 30.
Kg2 1/2-1/2

[Event "Spanish League of Honour"]
[Site "Linares"]
[Date "2017.08.18"]
[Round "5"]
[White "Duda, Jan-Krzysztof"]
[Black "Rakhmanov, Aleksandr"]
[Result "1/2-1/2"]
[WhiteTitle "GM"]
[BlackTitle "GM"]
[WhiteElo "2707"]
[BlackElo "2663"]
[Board "2"]
[WhiteCountry "POL"]
[WhiteFideId "1170546"]
[WhiteEloChange "-1"]
[BlackCountry "RUS"]
[BlackFideId "4173708"]
[BlackEloChange "1"]

1. e4 e6 2. d4 d5 3. Nd2 c5 4. exd5 exd5 5. Ngf3 Nc6 6. Bb5 cxd4 7. Qe2+
Qe7 8. Nxd4 Qxe2+ 9. Kxe2 Bd7 10. Nxc6 bxc6 11. Bd3 Bd6 12. Re1 Ne7 13. Nf3
f6 14. c4 Kf7 15. Kf1 Rhb8 16. Rb1 a5 17. h3 h5 18. Be3 Nf5 19. Bd2 g5 20.
cxd5 cxd5 21. Bc3 g4 22. hxg4 hxg4 23. Nd4 Nxd4 24. Bxd4 Rh8 25. Ke2 Rh2
26. Rh1 Re8+ 27. Kd2 Bf4+ 28. Kc3 Rc8+ 29. Kb3 Rb8+ 30. Kc3 Rc8+ 31. Kb3
Rb8+ 1/2-1/2

[Event "Spanish League of Honour"]
[Site "Linares"]
[Date "2017.08.18"]
[Round "5"]
[White "Safarli, Eltaj"]
[Black "Ragger, Markus"]
[Result "1/2-1/2"]
[WhiteTitle "GM"]
[BlackTitle "GM"]
[WhiteElo "2633"]
[BlackElo "2656"]
[Board "3"]
[WhiteCountry "AZE"]
[WhiteFideId "13402129"]
[BlackCountry "AUT"]
[BlackFideId "1610856"]

1. c4 c6 2. Nf3 d5 3. e3 Nf6 4. Nc3 a6 5. b3 Bg4 6. h3 Bxf3 7. Qxf3 e6 8.
Bb2 Nbd7 9. g4 h6 10. h4 dxc4 11. g5 hxg5 12. hxg5 Ne5 13. Qg2 Rxh1 14.
Qxh1 Nfd7 15. Ne4 Nd3+ 16. Bxd3 cxd3 17. Qh8 Qa5 18. Bxg7 O-O-O 19. Bxf8
Rxf8 20. Qg7 Qd5 21. f3 f5 22. Nf6 Qxf3 23. Qxd7+ Kb8 24. Qd6+ Ka7 25. Qc5+
Ka8 26. Qxf8+ Ka7 27. Qc5+ Ka8 28. Qf8+ Ka7 29. Qc5+ Ka8 30. Qf8+ Ka7 31.
Qc5+ 1/2-1/2

[Event "Spanish League of Honour"]
[Site "Linares"]
[Date "2017.08.18"]
[Round "5"]
[White "Jones, Gawain C B"]
[Black "Peralta, Fernando"]
[Result "1/2-1/2"]
[WhiteTitle "GM"]
[BlackTitle "GM"]
[WhiteElo "2660"]
[BlackElo "2540"]
[Board "4"]
[WhiteCountry "ENG"]
[WhiteFideId "409561"]
[WhiteEloChange "-2"]
[BlackCountry "ARG"]
[BlackFideId "105309"]
[BlackEloChange "2"]

1. Nf3 d5 2. g3 c5 3. c4 d4 4. e3 Nc6 5. exd4 cxd4 6. Bg2 e5 7. O-O f6 8.
d3 Nge7 9. Nbd2 Ng6 10. Nh4 Nxh4 11. gxh4 Be6 12. Ne4 Qd7 13. f4 Be7 14. b4
Bg4 15. Bf3 Bxf3 16. Qxf3 f5 17. Ng5 Bxg5 18. hxg5 Nxb4 19. fxe5 O-O 20.
Rb1 Nc6 21. Bf4 Rfe8 22. Rb5 a6 23. Rd5 Qf7 24. Bg3 Rad8 25. Qxf5 Qxf5 26.
Rxf5 g6 27. Rxd8 Nxd8 28. Rf6 Nc6 29. h4 Nxe5 30. Bxe5 Rxe5 31. Rd6 Ra5 32.
Rxd4 Rxa2 33. Rd8+ Kf7 34. Rd7+ Ke6 35. Rxb7 Rd2 36. Rb3 Ke5 37. Ra3 Kd4
38. Rxa6 Rxd3 39. Ra7 Kxc4 40. Rxh7 Rd6 41. Kf2 Kd5 42. Re7 Re6 43. Rd7+
Rd6 44. Rf7 Ke5 45. Rf3 Rd4 46. Kg3 Ra4 47. Kh3 Rb4 48. Rg3 Kf5 49. Ra3 Ke6
50. Rf3 Ke5 51. Re3+ Kf5 52. Rf3+ Ke5 53. Kg3 Ra4 54. Rb3 Ke6 55. Rb6+ Kf7
56. Rf6+ Kg7 57. Rf4 Rxf4 58. Kxf4 Kf7 59. Kf3 Kf8 60. Ke4 Ke8 61. Kd4 Kd8
62. Kc4 Ke8 63. Kd3 Kd7 64. Ke2 Ke8 65. Kf3 Kf7 66. Kf4 Kf8 67. Kg4 Kf7 68.
h5 gxh5+ 69. Kxh5 Kg7 70. g6 Kg8 71. Kh6 Kh8 72. g7+ Kg8 73. Kg6 1/2-1/2

[Event "Spanish League of Honour"]
[Site "Linares"]
[Date "2017.08.18"]
[Round "5"]
[White "Narciso Dublan, Marc"]
[Black "Edouard, Romain"]
[Result "1/2-1/2"]
[WhiteTitle "GM"]
[BlackTitle "GM"]
[WhiteElo "2467"]
[BlackElo "2624"]
[Board "5"]
[WhiteCountry "ESP"]
[WhiteFideId "2201500"]
[WhiteEloChange "2"]
[BlackCountry "FRA"]
[BlackFideId "633429"]
[BlackEloChange "-2"]

1. d4 Nf6 2. c4 e6 3. Nc3 Bb4 4. f3 c5 5. d5 O-O 6. e4 d6 7. Ne2 a6 8. Ng3
b5 9. Bd2 exd5 10. Nxd5 Nxd5 11. cxd5 Bxd2+ 12. Qxd2 f5 13. exf5 Bxf5 14.
Be2 Nd7 15. O-O Nb6 16. b3 Bd7 17. Rad1 a5 18. Ne4 Qe7 19. Rfe1 Rf5 20. Bd3
Qf8 21. Ng5 Rxd5 22. Bxh7+ Kh8 23. Qf2 Qf4 24. h4 Rf8 25. Be4 Rxd1 26. Rxd1
Rf6 27. Qe1 b4 28. Bb7 Rf8 29. Qe7 Re8 30. Qxd6 Qxh4 31. Ne4 Re6 32. Qf8+
Kh7 33. Qxc5 Rg6 34. Qf2 Qf4 35. Ba6 Bf5 36. Bd3 Nd7 37. Bc2 Ne5 38. Kf1
Rc6 39. Rd5 Qc1+ 40. Bd1 Rh6 41. Qd2 Qxd2 42. Nxd2 Rh1+ 43. Ke2 Nd3 44.
Rxf5 Nc1+ 45. Ke3 Re1+ 46. Kf4 Rxd1 47. Ne4 Nxa2 48. Rh5+ Kg8 49. Rxa5 Nc1
50. Ra8+ Kh7 51. Rb8 Nxb3 52. Rxb4 Na5 53. Ng5+ Kh6 54. Rb6+ g6 55. Nf7+
Kh7 56. Ne5 Rd4+ 57. Kg5 Rd5 58. f4 Nc4 59. Rb7+ Kg8 60. Kxg6 Rd6+ 61. Kg5
Rd5 62. Kf6 Rd6+ 63. Ke7 Rd4 64. g3 Ne3 65. Ke6 Ra4 66. Nd7 Ra6+ 67. Rb6
Ra4 68. Nf6+ Kg7 69. f5 Kh6 70. Ng8+ Kh7 71. f6 Re4+ 72. Kf7 Nc4 73. Ra6
Ne5+ 74. Kf8 Ng6+ 75. Kf7 Nh8+ 76. Kf8 Ng6+ 1/2-1/2

[Event "Spanish League of Honour"]
[Site "Linares"]
[Date "2017.08.18"]
[Round "5"]
[White "Del Rio De Angelis, Salvador G."]
[Black "Moskalenko, Viktor"]
[Result "1-0"]
[WhiteTitle "GM"]
[BlackTitle "GM"]
[WhiteElo "2511"]
[BlackElo "2505"]
[Board "6"]
[WhiteCountry "ESP"]
[WhiteFideId "2203138"]
[WhiteEloChange "5"]
[BlackCountry "ESP"]
[BlackFideId "14100100"]
[BlackEloChange "-5"]

1. d4 f5 2. c4 Nf6 3. Nc3 d6 4. Nf3 g6 5. g3 Bg7 6. Bg2 O-O 7. O-O c6 8. d5
e5 9. dxe6 Bxe6 10. b3 Na6 11. Ng5 Qe7 12. Nxe6 Qxe6 13. Bb2 Nc5 14. Qc2
Rad8 15. Rad1 Rfe8 16. e3 a5 17. Ne2 Qe7 18. a3 Nce4 19. h3 h5 20. Kh2 Kf7
21. f3 Nc5 22. e4 Kg8 23. b4 axb4 24. axb4 Na6 25. Nf4 Nxb4 26. Qd2 c5 27.
Nxg6 Qf7 28. Nh4 fxe4 29. fxe4 Nc6 30. Nf5 1-0

[Event "Spanish League of Honour"]
[Site "Linares"]
[Date "2017.08.18"]
[Round "5"]
[White "Matnadze, Ana"]
[Black "Vega Gutierrez, Sabrina"]
[Result "1/2-1/2"]
[WhiteTitle "IM"]
[BlackTitle "IM"]
[WhiteElo "2389"]
[BlackElo "2369"]
[Board "7"]
[WhiteCountry "ESP"]
[WhiteFideId "13601377"]
[WhiteEloChange "-1"]
[BlackCountry "ESP"]
[BlackFideId "2219026"]
[BlackEloChange "1"]

1. e4 c5 2. Nc3 e6 3. f4 a6 4. Nf3 d5 5. d4 cxd4 6. Nxd4 dxe4 7. Nxe4 Qd5
8. Qd3 Be7 9. Be2 Nc6 10. Nxc6 Qxd3 11. Bxd3 bxc6 12. Be3 Nf6 13. Bd4 a5
14. O-O-O Ba6 15. Nxf6+ gxf6 16. Be4 Rc8 17. a4 Bc4 18. g4 Bd5 19. Bxd5
cxd5 20. g5 Rg8 21. gxf6 Bc5 22. Bxc5 Rxc5 23. f5 Rg4 24. Rhe1 Rxa4 25.
fxe6 fxe6 26. Rxe6+ Kf7 27. Re7+ Kxf6 28. Rxh7 Rf4 29. Rh5 Rf2 30. c3 Rb5
31. Rdxd5 Rbxb2 32. Rhf5+ Ke6 33. Rfe5+ Kf6 34. Rf5+ Ke6 35. Rxf2 Rxf2 36.
Rd2 Rf3 37. Kb2 Rh3 38. Kb3 a4+ 39. Kb4 a3 40. Rc2 Kd6 41. Kxa3 Kc5 42. Kb3
Kb5 43. Rg2 Kc5 44. Re2 Kb5 45. Kc2 Kc4 46. Kd2 Rd3+ 47. Ke1 Rxc3 48. Kf2
Kd5 49. Kg2 Rc6 50. Kg3 Re6 51. Rf2 Rg6+ 52. Kh4 Ke6 53. Kh5 Rf6 54. Rg2
Kf7 55. h4 Ra6 56. Rg5 Rb6 57. Ra5 Kg7 58. Ra7+ Kg8 59. Kg5 Rb5+ 1/2-1/2

[Event "Spanish League of Honour"]
[Site "Linares"]
[Date "2017.08.18"]
[Round "5"]
[White "Iturrizaga Bonelli, Eduardo"]
[Black "Areshchenko, Alexander"]
[Result "1/2-1/2"]
[WhiteTitle "GM"]
[BlackTitle "GM"]
[WhiteElo "2662"]
[BlackElo "2652"]
[Board "1"]
[WhiteCountry "VEN"]
[WhiteFideId "3901211"]
[BlackCountry "UKR"]
[BlackFideId "14109530"]

1. Nf3 c5 2. c4 Nc6 3. d4 cxd4 4. Nxd4 Nf6 5. g3 e5 6. Nb5 Bb4+ 7. Bd2 a6
8. N5c3 d5 9. cxd5 Nxd5 10. Bg2 Be6 11. O-O Be7 12. Nxd5 Bxd5 13. Ba5 Qxa5
14. Bxd5 Qb6 15. Nd2 Rd8 16. Qb3 Qxb3 17. Bxc6+ bxc6 18. Nxb3 Rd5 19. e4
Rb5 20. Rac1 Kd7 21. Rc4 Rhb8 22. Ra4 a5 23. Rd1+ Kc7 24. Rc1 Bb4 25. Kf1
f6 26. Rc2 R8b6 27. Ke2 Rb8 28. f3 R8b6 29. Nc1 Bc5 30. Nb3 Bb4 31. Nc1 Bc5
32. Rac4 Be7 33. Nd3 Ra6 34. Ra4 Rb8 35. f4 exf4 36. gxf4 Rb5 37. Kf3 Rh5
38. Kg3 Bd6 39. h4 Rb5 40. Kf3 g6 41. Rac4 Rh5 1/2-1/2

[Event "Spanish League of Honour"]
[Site "Linares"]
[Date "2017.08.18"]
[Round "5"]
[White "Bachmann, Axel"]
[Black "Demchenko, Anton"]
[Result "0-1"]
[WhiteTitle "GM"]
[BlackTitle "GM"]
[WhiteElo "2648"]
[BlackElo "2645"]
[Board "3"]
[WhiteCountry "PAR"]
[WhiteFideId "3700488"]
[WhiteEloChange "-5"]
[BlackCountry "RUS"]
[BlackFideId "4160258"]
[BlackEloChange "5"]

1. d4 Nf6 2. c4 g6 3. Nc3 Bg7 4. e4 d6 5. Nf3 O-O 6. h3 e5 7. d5 a5 8. Bg5
Na6 9. Be2 Nc5 10. Nd2 Bd7 11. O-O h6 12. Be3 Nh7 13. b3 f5 14. f3 Bf6 15.
Bxh6 Rf7 16. Be3 Bg5 17. f4 exf4 18. Bxc5 Bf6 19. exf5 Bxf5 20. Nde4 dxc5
21. Nxf6+ Qxf6 22. Rc1 Ng5 23. Bg4 Qe5 24. Re1 Qg7 25. Rf1 Qh6 26. Qe2 Raf8
27. Rf2 f3 28. Qd2 Bxg4 0-1

[Event "Spanish League of Honour"]
[Site "Linares"]
[Date "2017.08.18"]
[Round "5"]
[White "Saric, Ivan"]
[Black "Mareco, Sandro"]
[Result "1-0"]
[WhiteTitle "GM"]
[BlackTitle "GM"]
[WhiteElo "2632"]
[BlackElo "2650"]
[Board "4"]
[WhiteCountry "CRO"]
[WhiteFideId "14508150"]
[WhiteEloChange "5"]
[BlackCountry "ARG"]
[BlackFideId "112275"]
[BlackEloChange "-5"]

1. e4 c5 2. Nf3 e6 3. d4 cxd4 4. Nxd4 Nc6 5. Nc3 Qc7 6. Be3 a6 7. Qd2 Nf6
8. O-O-O Be7 9. f3 b5 10. Nxc6 dxc6 11. g4 e5 12. h4 Be6 13. Qf2 O-O 14. h5
h6 15. g5 hxg5 16. h6 g6 17. h7+ Kh8 18. Bxg5 Nh5 19. Qh4 f6 20. Be3 Rad8
21. Bh3 Bf7 22. Rdg1 b4 23. Na4 Nf4 24. Bxf4 exf4 25. Be6 Be8 26. Qh6 g5
27. Bg8 Bd6 28. e5 Bxe5 29. Qxf8 Bh5 30. Qh6 Bxf3 31. Nc5 Bxh1 32. Ne6 Qa7
33. Rxh1 Rd7 34. Qf8 1-0

[Event "Spanish League of Honour"]
[Site "Linares"]
[Date "2017.08.18"]
[Round "5"]
[White "Santos Ruiz, Miguel"]
[Black "Fedorchuk, Sergey A."]
[Result "0-1"]
[WhiteTitle "IM"]
[BlackTitle "GM"]
[WhiteElo "2490"]
[BlackElo "2633"]
[Board "5"]
[WhiteCountry "ESP"]
[WhiteFideId "22291482"]
[WhiteEloChange "-3"]
[BlackCountry "UKR"]
[BlackFideId "14102536"]
[BlackEloChange "3"]

1. e4 c5 2. Nf3 e6 3. d4 cxd4 4. Nxd4 Nc6 5. Nc3 a6 6. g3 d6 7. Nxc6 bxc6
8. Bg2 Qc7 9. O-O Nf6 10. Na4 Rb8 11. c4 c5 12. g4 h6 13. f4 Be7 14. b3 Bb7
15. Qe2 Nh7 16. Bb2 O-O 17. Rf3 Bc6 18. Nc3 Bf6 19. Rh3 Bd4+ 20. Kh1 e5 21.
g5 exf4 22. gxh6 g5 23. Rd1 Rbe8 24. Rhd3 f5 25. Qh5 Qf7 26. Qxf7+ Rxf7 27.
exf5 Bxg2+ 28. Kxg2 Rxf5 29. Kf1 Nf6 30. Na4 Bxb2 31. Nxb2 Ng4 32. R1d2 f3
33. Nd1 f2 34. Rxf2 Nxf2 35. Nxf2 Re6 36. Rd2 Kh7 37. Kg2 Kxh6 38. Kg3 Kh5
39. h3 Rf4 40. Ng4 Rd4 41. Rf2 Rd3+ 42. Kg2 Kh4 43. Nh2 Rg3+ 0-1

[Event "Spanish League of Honour"]
[Site "Linares"]
[Date "2017.08.18"]
[Round "5"]
[White "Korneev, Oleg"]
[Black "Castellanos Rodriguez, Renier"]
[Result "1/2-1/2"]
[WhiteTitle "GM"]
[BlackTitle "IM"]
[WhiteElo "2566"]
[BlackElo "2487"]
[Board "6"]
[WhiteCountry "ESP"]
[WhiteFideId "4156803"]
[WhiteEloChange "-1"]
[BlackCountry "ESP"]
[BlackFideId "3404650"]
[BlackEloChange "1"]

1. e4 c5 2. Nf3 Nc6 3. d4 cxd4 4. Nxd4 g6 5. c4 Bg7 6. Be3 Nf6 7. Nc3 O-O
8. Be2 d6 9. O-O Bd7 10. Qd2 Nxd4 11. Bxd4 Bc6 12. f3 a5 13. b3 Nd7 14. Be3
Nc5 15. Rab1 Be5 16. Rfd1 e6 17. Bd4 Qe7 18. Bf1 Rfd8 19. Qe3 Kg7 20. Rd2
Bxd4 21. Qxd4+ e5 22. Qe3 h5 23. Nb5 Ne6 24. Rbd1 Bxb5 25. cxb5 a4 26. Bc4
axb3 27. Bxe6 Qxe6 28. axb3 Ra3 29. Qb6 Rd7 30. Rxd6 Rxd6 31. Qxd6 Ra1 32.
Kf2 Rxd1 33. Qxd1 Qb6+ 34. Kg3 Qxb5 35. h4 Qb4 36. Qd5 Qe1+ 37. Kh3 Qh1+
38. Kg3 Qe1+ 39. Kh3 Qh1+ 1/2-1/2

[Event "Spanish League of Honour"]
[Site "Linares"]
[Date "2017.08.18"]
[Round "5"]
[White "Sgircea, Silvia-Raluca"]
[Black "Calzetta Ruiz, Monica"]
[Result "1-0"]
[WhiteTitle "WIM"]
[BlackTitle "WGM"]
[WhiteElo "2246"]
[BlackElo "2288"]
[Board "7"]
[WhiteCountry "ROU"]
[WhiteFideId "1213776"]
[WhiteEloChange "11"]
[BlackCountry "ESP"]
[BlackFideId "2204185"]
[BlackEloChange "-11"]

1. Nf3 c5 2. c4 Nc6 3. d4 cxd4 4. Nxd4 Nf6 5. Nc3 g6 6. e4 d6 7. Be2 Bg7 8.
Be3 O-O 9. O-O Bd7 10. h3 Nxd4 11. Bxd4 Bc6 12. Qc2 Qc7 13. b4 b5 14. cxb5
Bxe4 15. Qb3 Bb7 16. Rac1 Qd7 17. Rfd1 Qf5 18. Be3 Rfc8 19. a4 Qe5 20. a5
Nh5 21. a6 Bxg2 22. Kxg2 Nf4+ 23. Bxf4 Qxf4 24. Na2 Be5 25. Qf3 Qh2+ 26.
Kf1 Rab8 27. Qg2 Qf4 28. Qg4 Rxc1 29. Nxc1 Qf6 30. Nb3 Bc3 31. Na5 h5 32.
Qe4 e5 33. Nc6 Rf8 34. Qf3 Qxf3 35. Bxf3 f5 36. Bd5+ Kg7 37. Rc1 Bb2 38.
Rc2 Bd4 39. Nxd4 exd4 40. Rc7+ Kf6 41. Rf7+ 1-0

[Event "Spanish League of Honour"]
[Site "Linares"]
[Date "2017.08.18"]
[Round "5"]
[White "Ponomariov, Ruslan"]
[Black "Naiditsch, Arkadij"]
[Result "1-0"]
[WhiteTitle "GM"]
[BlackTitle "GM"]
[WhiteElo "2692"]
[BlackElo "2710"]
[Board "1"]
[WhiteCountry "UKR"]
[WhiteFideId "14103320"]
[WhiteEloChange "5"]
[BlackCountry "AZE"]
[BlackFideId "4650891"]
[BlackEloChange "-5"]

1. e4 c5 2. Nf3 d6 3. d4 cxd4 4. Nxd4 Nf6 5. Nc3 a6 6. Be3 e5 7. Nb3 Be7 8.
f3 Be6 9. Qd2 Nbd7 10. g4 Nb6 11. O-O-O Rc8 12. h4 O-O 13. Kb1 Nc4 14. Bxc4
Rxc4 15. h5 h6 16. g5 hxg5 17. Bxg5 Kh7 18. Qd3 Qc8 19. Nd2 Rd4 20. Qe2 Qc6
21. Rdg1 b5 22. Nb3 Ra4 23. Qg2 Rg8 24. Qg3 d5 25. h6 g6 26. exd5 Nxd5 27.
Bxe7 Nxc3+ 28. bxc3 Qxc3 29. Qe1 Qc7 30. Bf6 Rxa2 31. Qc1 Bxb3 32. cxb3 Qa5
33. Bxe5 Re8 34. Qf4 f5 35. Rxg6 1-0

[Event "Spanish League of Honour"]
[Site "Linares"]
[Date "2017.08.18"]
[Round "5"]
[White "Van Wely, Loek"]
[Black "Erdos, Viktor"]
[Result "1/2-1/2"]
[WhiteTitle "GM"]
[BlackTitle "GM"]
[WhiteElo "2646"]
[BlackElo "2628"]
[Board "2"]
[WhiteCountry "NED"]
[WhiteFideId "1000268"]
[BlackCountry "HUN"]
[BlackFideId "719978"]

1. c4 g6 2. Nc3 c5 3. g3 Bg7 4. Bg2 e6 5. h4 Nf6 6. d3 Nc6 7. Nh3 d6 8. a3
O-O 9. Rb1 Bd7 10. b4 b6 11. Bg5 h6 12. Bd2 Rc8 13. Qc1 h5 14. Bg5 Ne7 15.
bxc5 dxc5 16. O-O Bc6 17. a4 Qd7 18. a5 Bxg2 19. Kxg2 Qc6+ 20. Kg1 Nf5 21.
Nb5 Qd7 22. axb6 axb6 23. Bxf6 Bxf6 24. Ng5 Ra8 25. Ne4 Bg7 26. Qf4 Ra2 27.
Rfe1 Rc8 28. Rb3 Qd8 29. Kf1 Bh6 30. Qf3 Rca8 31. Reb1 Bg7 32. Qf4 Rc8 33.
e3 Bh6 34. Qf3 Bg7 35. Kg1 Rca8 36. Ng5 Qd7 37. Nc3 Ra1 38. Nce4 Rxb1+ 39.
Rxb1 Ra6 40. Qf4 Qa7 41. Rb3 Ra1+ 42. Kh2 Ra2 43. Kg1 Ra1+ 44. Kg2 Ra2 45.
Kg1 1/2-1/2

[Event "Spanish League of Honour"]
[Site "Linares"]
[Date "2017.08.18"]
[Round "5"]
[White "Movsesian, Sergei"]
[Black "Velten, Paul"]
[Result "1-0"]
[WhiteTitle "GM"]
[BlackTitle "IM"]
[WhiteElo "2677"]
[BlackElo "2459"]
[Board "3"]
[WhiteCountry "ARM"]
[WhiteFideId "310204"]
[WhiteEloChange "2"]
[BlackCountry "FRA"]
[BlackFideId "681091"]
[BlackEloChange "-2"]

1. e4 c6 2. d4 d5 3. Nc3 dxe4 4. Nxe4 Nd7 5. Ng5 Ngf6 6. Bd3 e6 7. N1f3 Bd6
8. Qe2 h6 9. Ne4 Nxe4 10. Qxe4 Nf6 11. Qe2 O-O 12. O-O Qc7 13. b3 b6 14.
Bb2 Bb7 15. c4 c5 16. d5 exd5 17. Bxf6 Rfe8 18. Qb2 gxf6 19. Qxf6 dxc4 20.
Bxc4 Bf8 21. Rad1 Bg7 22. Qf5 Rad8 23. h3 Qe7 24. Qh5 a6 25. a4 Bc8 26.
Rxd8 Rxd8 27. Re1 Qf6 28. Ne5 Be6 29. Ng4 Qc3 30. Re3 Qc1+ 31. Kh2 Bxc4 32.
Nxh6+ Kf8 33. Qg5 f6 34. Re8+ Rxe8 35. Qxc1 Bxb3 36. a5 f5 37. axb6 1-0